Statistics for Juventus scorers in Serie A 2017-2018

Click here to take the quiz!

General Stats

  • This quiz has been taken 45 times
  • The average score is 10 of 13

Answer Stats

PlayerGoals% Correct
Paulo Dybala17
100%
Gonzalo Higuain15
100%
Alex Sandro3
92%
Sami Khedira6
84%
Mario Mandzukic4
84%
Blaise Matuidi3
84%
Douglas Costa2
82%
Miralem Pjanic4
76%
Federico Bernardeschi4
74%
Juan Cuadrado3
71%
Mehdi Benatia2
68%
Daniele Rugani1
68%
Mattia De Sciglio1
47%

Score Distribution

Percentile by Number Answered

Percent of People with Each Score

Your Score History

You have not taken this quiz